Prozac nation : (Record no. 376)

MARC details
000 -LEADER
fixed length control field 00748pam a2200241 x 4500
001 - CONTROL NUMBER
control field 2354305
008 - FIXED-LENGTH DATA ELEMENTS--GENERAL INFORMATION
fixed length control field 951019r19951994enk 00010aeng b
015 ## - NATIONAL BIBLIOGRAPHY NUMBER
National bibliography number b9550069
020 ## - INTERNATIONAL STANDARD BOOK NUMBER
International Standard Book Number 0704302489
020 10 - INTERNATIONAL STANDARD BOOK NUMBER
International Standard Book Number 0704302489
Terms of availability m
082 00 - DEWEY DECIMAL CLASSIFICATION NUMBER
Classification number 305.90824092
Edition information 20
100 10 - MAIN ENTRY--PERSONAL NAME
Personal name Wurtzel, Elizabeth.
245 10 - TITLE STATEMENT
Title Prozac nation :
Remainder of title young & depressed in America : a memoir /
Statement of responsibility, etc. Elizabeth Wurtzel.
260 ## - PUBLICATION, DISTRIBUTION, ETC.
Place of publication, distribution, etc. London :
Name of publisher, distributor, etc. Quartet,
Date of publication, distribution, etc. 1995, c1994.
300 ## - PHYSICAL DESCRIPTION
Extent 317p
Dimensions 21cm
Accompanying material pbk
350 00 - PRICE (NR) (BK AM CF MU VM SE) [OBSOLETE]
Price £10.00 : Formerly CIP
500 ## - GENERAL NOTE
General note Originally published: Houghton Mifflin, 1994
600 10 - SUBJECT ADDED ENTRY--PERSONAL NAME
Personal name Wurtzel, Elizabeth
General subdivision Mental health.
650 #0 - SUBJECT ADDED ENTRY--TOPICAL TERM
Topical term or geographic name entry element Depressed persons
Geographic subdivision United States
General subdivision Biography.
942 ## - ADDED ENTRY ELEMENTS (KOHA)
Source of classification or shelving scheme Dewey Decimal Classification
Koha item type Books
956 ## - LOCAL ELECTRONIC LOCATION AND ACCESS (OCLC)
Host name NLS
Holdings
Withdrawn status Lost status Damaged status Not for loan Collection Home library Current library Shelving location Date acquired Barcode Date last seen Price effective from Koha item type
        Reference Centerville Centerville General stacks 09/04/2014 39999000016499 09/04/2014 09/04/2014 Books